[Event "Wch U10"]
[Site "Batumi"]
[Date "2022.09.21"]
[Round "6"]
[White "Svanidze, Ioane"]
[Black "Rutkowski, Feliks"]
[Result "0-1"]
[WhiteElo "1119"]
[BlackElo "1352"]
[PlyCount "43"]
[EventDate "2022.09.16"]
[EventType "swiss"]
[EventRounds "11"]
[EventCountry "GEO"]
[SourceTitle "EXT 2023"]
[Source "ChessBase"]
[SourceDate "2022.10.05"]
[SourceVersion "1"]
[SourceVersionDate "2022.10.05"]
[SourceQuality "1"]

1. d4 d5 2. Bg5 Nf6 3. f4 Bf5 4. e3 e6 5. Bd3 Bxd3 6. Qxd3 c6 7. Nf3 Be7 8. Nbd2 Nbd7 9. c3 h6 10. Bh4 b5 11. Ne5 Nxe5 12. fxe5 Nd7 13. Bxe7 Qxe7 14. 0-0 Nb6 15. e4 Nc4 16. exd5 cxd5 17. Nxc4 dxc4 18. Qc2 0-0 19. Rf2 Rad8 20. Raf1 Rd7 21. Qc1 Qh4 22. Rf4 0-1

[Event "Wch U10"]
[Site "Batumi"]
[Date "2022.09.20"]
[Round "5"]
[White "Hong, Joohyuk"]
[Black "Svanidze, Ioane"]
[Result "0-1"]
[WhiteElo "1315"]
[BlackElo "1119"]
[PlyCount "78"]
[EventDate "2022.09.16"]
[EventType "swiss"]
[EventRounds "11"]
[EventCountry "GEO"]
[SourceTitle "EXT 2023"]
[Source "ChessBase"]
[SourceDate "2022.10.05"]
[SourceVersion "1"]
[SourceVersionDate "2022.10.05"]
[SourceQuality "1"]

1. e4 e5 2. Nf3 Nc6 3. Bc4 h6 4. 0-0 Nf6 5. Nc3 d6 6. d4 Bg4 7. d5 Nd4 8. Be2 Nxf3+ 9. Bxf3 Bxf3 10. Qxf3 Be7 11. Qd3 0-0 12. f4 exf4 13. Rxf4 Nh5 14. Rg4 Qc8 15. h3 Nf6 16. Rg3 Nh5 17. Rf3 Kh8 18. Bd2 Bg5 19. Raf1 Bxd2 20. Qxd2 Kh7 21. Qd3 Kg8 22. Qd2 Qe8 23. g4 Nf6 24. Qe3 Qe5 25. Kg2 Rae8 26. Rf5 Qe7 27. Rxf6 gxf6 28. Qxh6 f5 29. Rxf5 f6 30. Qf4 Qg7 31. Qe3 Re5 32. Qxa7 Rxf5 33. exf5 b6 34. Nb5 Rf7 35. Qb8+ Kh7 36. Kf3 Qh6 37. Nxc7 Qxh3+ 38. Kf4 Rg7 39. g5 Rxg5 0-1